000 00720nam a2200217 a 4500
001 76482
003 BD-RjUL
005 20240513155331.0
008 240513s1983 bg ||||| |||| 00| 0 ben d
035 _a(BD-RjUL)76482
040 _aBD-RjUL
_beng
_cBD-RjUL
041 _aben
082 _223
_a891.443
_bAHS 1983
100 _aআহমদ, আনওয়ার
_912984
245 1 0 _aসতর্ক প্রহরা /
_cআনওয়ার আহমদ
260 _aঢাকা :
_bরুপম প্রকাশনী,
_c১৯৮৩
300 _a৮০ পৃ. ;
_c২২ সেমি.
650 _aবাংলা ছোট গল্প
_9390
650 _aBengali short stories
_912937
942 _2ddc
_cBK
999 _c76482
_d76482